LEADER 00698nam a2200193 i 4500 001 000000177174 003 CaOOAMICUS 005 20090119000000.0 008 090119s1976 it u000 u ita u 013 $a154682 040 $aSeMil$bita 245 10$aProfili e opere, Bibliografia, Indici. 260 $aRoma :$bCittà Nuova,$c1976. 300 $a524 p. ;$c24 cm. 773 0 $tTeologia dei Padri.$dRoma : Città Nuova $g5$w()20601 850 $aSeMil 852 $aSeMil$W1$xVenegono$y1$m2U IV 92$j127986$B127986$CSeMilBibl$Z2$F138666 $81 996 $6245$aProfili e opere, Bibliografia, Indici$9(OLS)http://semarc/title/254420 996 $6260$aRoma :$bCittà Nuova$9(OLS)http://semarc/publisher/29609 LEADER 01033nam a2200265 i 4500 001 000000194920 003 CaOOAMICUS 005 20101126000000.0 008 101126s2003 it u000 u ita u 013 $a173581 020 $a88-215-4957-7 040 $aSeMil$bita 100 1 $aCentri Culturali Cattolici.$0(OLS)http://semarc/name/70763 245 10$aPerché? :$b2 /$cCentri Culturali Cattolici. 260 $aCinisello Balsamo :$bSan Paolo,$ccopyr. 2003. 300 $a31 p. ;$c18 cm. 490 0 $aProgetto culturale CEI 650 4$aCentri culturali cattolici.$0(OLS)http://semarc/subject/18797 830 0$aProgetto culturale CEI.$0(OLS)http://semarc/title/25871 850 $aSeMil 852 $aSeMil$W1$xVenegono$y1$m5A XII 6/36$j145489$B145489$CSeMilBibl$Z2$F157070 $81 961 $aOmaggio: Altro 996 $6020$a88-215-4957-7$9(OLS)http://semarc/number/186505 996 $6245$aPerché? :$b2$9(OLS)http://semarc/title/281098 996 $6260$aCinisello Balsamo :$bSan Paolo$9(OLS)http://semarc/publisher/30129